Normal view
MARC view
Entry Nombre personal
001 - NÚMERO DE CONTROL
- campo de control: 3982
003 - IDENTIFICADOR DEL NÚMERO DE CONTROL
- campo de control: BNPHU
005 - FECHA Y HORA DE LA ÚLTIMA TRANSACCIÓN
- campo de control: 20240305122642.0
008 - DATOS DE LONGITUD FIJA
- campo de control de longitud fija: 200615|| aca||aabn | a|a d
040 ## - FUENTE DE LA CATALOGACIÓN
- Centro catalogador/agencia de origen: DO-SdBNP
- Lengua de catalogación: spa
- Centro/agencia transcriptor: BNPHU
- Normas de descripción: rda
082 #4 - SIGNATURA TOPOGRÁFICA DECIMAL DEWEY
- Número de clasificación: Ch863.4
- Número de documento/Ítem: B695a
100 1# - ENCABEZAMIENTO-NOMBRE DE PERSONA
- Nombre de persona: Bombal, María Luisa,
- Fechas asociadas al nombre: 1910-1980
370 ## - LUGAR ASOCIADO
- Lugar de nacimiento: Viña del Mar (Chile)
- País asociado: Chile
- Lugar de residencia/sede: Paris (Francia)
- Lugar de residencia/sede: Buenos Aires (Argentina)
- Lugar de residencia/sede: Estados Unidos
372 ## - CAMPO DE ACTIVIDAD
- Campo de actividad: Escritora
375 ## - GÉNERO/SEXO
- Género/Sexo: Femenino
377 ## - LENGUA/LENGUAJE ASOCIADO
- Código del idioma: spa
400 1# - TRAZADO DE VÉASE--NOMBRE DE PERSONA
- Nombre de persona: Bombal, M. Luisa
400 1# - TRAZADO DE VÉASE--NOMBRE DE PERSONA
- Nombre de persona: Bombal, Ma. Luisa
670 ## - FUENTE DE DATOS ENCONTRADOS
- Cita de la fuente: Work cat.: (OSt)1120: Bombal, María Luisa, 1910-1980, La amortajada /, 1973.
